书目信息 |
| 题名: |
肾上腺皮质
|
|
| 作者: | Martini , 马尔蒂尼 著 | |
| 分册: | ||
| 出版信息: | 北京 科学出版社 2008.04 |
|
| 页数: | 213页 | |
| 开本: | 26cm | |
| 丛书名: | 内分泌疾病百科全书 | |
| 单 册: | ||
| 中图分类: | R335 | |
| 科图分类: | ||
| 主题词: | 肾上腺皮质激素--shen shang xian pi zhi ji su--英文 | |
| 电子资源: | ||
| ISBN: | 978-7-03-020926-9 | |
| 000 | 01028nam 2200277 450 | |
| 001 | 191000014297 | |
| 005 | 20080918104539.62 | |
| 010 | @a978-7-03-020926-9@b精装@dCNY78.00 | |
| 100 | @a20080408d2008 em y0chiy0121 ea | |
| 101 | 0 | @achi@ceng |
| 102 | @aCN@b110000 | |
| 105 | @aa z 000yy | |
| 200 | 1 | @a肾上腺皮质@Ashen shang xian pi zhi@d= Adrenal cortex@f(意)马尔蒂尼@F(yi)ma er di ni@zeng |
| 210 | @a北京@c科学出版社@d2008.04 | |
| 215 | @a213页@c图@d26cm | |
| 225 | 2 | @a内分泌疾病百科全书@Anei fen mi ji bing bai ke quan shu@v1 |
| 330 | @a全书囊括了近500个内分泌疾病方面的词条,分为15大主题分别为肾上腺皮质、钙、比较内分泌学、糖尿病、衰老内分泌学、女性生殖、胃肠激素、高血压、脂类代谢和动脉等。 | |
| 410 | 0 | @12001 @a内分泌疾病百科全书@v1 |
| 510 | 1 | @aAdrenal cortex@zeng |
| 606 | 0 | @a肾上腺皮质激素@Ashen shang xian pi zhi ji su@j英文 |
| 690 | @aR335@v4 | |
| 701 | 1 | @aMartini@bL.@g(Martini, Luciano)@4著 |
| 701 | 0 | @a马尔蒂尼@Ama er di ni |
| 801 | 0 | @aCN@c20080918 |
| 905 | @dR335@eM041 | |
| 999 | @aCYP | |
| 肾上腺皮质= Adrenal cortex/(意)马尔蒂尼.-北京:科学出版社,2008.04 |
| 213页:图;26cm.-(内分泌疾病百科全书;1) |
| ISBN 978-7-03-020926-9(精装):CNY78.00 |
| 全书囊括了近500个内分泌疾病方面的词条,分为15大主题分别为肾上腺皮质、钙、比较内分泌学、糖尿病、衰老内分泌学、女性生殖、胃肠激素、高血压、脂类代谢和动脉等。 |
| ● |
| 相关链接 |
|
|
|
正题名:肾上腺皮质
索取号:R335/M041
 
预约/预借
| 序号 | 登录号 | 条形码 | 馆藏地/架位号 | 状态 | 备注 |
| 1 | 678501 | 206785013 | 自科库401/401自科库 14排2列5层/ [索取号:R335/M041] | 在馆 | |
| 2 | 678502 | 206785022 | 自科库401/401自科库 14排2列5层/ [索取号:R335/M041] | 在馆 | |
| 3 | 678503 | 206785031 | 自科库401/401自科库 14排2列5层/ [索取号:R335/M041] | 在馆 |